00329 2200133 4500001002100000005001500021035002000036245005600056100002100112300001100133260003100144082000800175990001200183INLIS00000000000222620250527015545 a0010-05250005181 aKekuasaan Sering Disalahgunakan /cTasirun Sulaiman0 aTasirun Sulaiman a73 hlm aJakarta :bErlangga,c2005 a813 a0712704